Countries Closest to Venezuela - One Minute Sprint - Statistics

General Stats
  • This quiz has been taken 175 times
  • The average score is 12 of 20
Answer Stats
km country miles % Correct
0 Brazil 0
97%
0 Colombia 0
97%
0 Guyana 0
90%
441 Panama 274
90%
293 Suriname 182
83%
562 Peru 349
78%
14 Trinidad and Tobago 9
78%
673 Saint Kitts and Nevis 418
66%
345 Saint Lucia 214
65%
206 St Vincent & the Grenadines 128
65%
139 Grenada 86
64%
357 Barbados 222
58%
500 Dominica 311
57%
676 Haiti 420
44%
831 Jamaica 516
44%
696 Antigua and Barbuda 433
42%
621 Dominican Republic 386
39%
27 Aruba 17
35%
80 Curaçao 50
27%
765 Sint Maarten 475
13%
No matching quizzes found
Score Distribution
Percent of People with Each Score
Percentile by Number Answered
Your Score History
You have not taken this quiz